广东面积最大的13个县级行政区 13 largest counties in Guangdong - Statistics

General Stats
  • This quiz has been taken 42 times
  • The average score is 10 of 13
Answer Stats
面积/km² 地市排名 县区 % Correct
5634 清远1 英德市
94%
3271 茂名1 高州市
94%
3709 湛江1 雷州市
91%
4038 阳江1 阳春市
88%
4009 河源1 东源县
79%
3635 河源2 紫金县
79%
3528 惠州1 惠东县
79%
3238 梅州1 五华县
79%
3084 茂名2 信宜市
79%
3288 江门1 台山市
74%
3330 清远2 阳山县
71%
3081 河源3 龙川县
71%
3554 肇庆1 怀集县
65%
No matching quizzes found
Score Distribution
Percent of People with Each Score
Percentile by Number Answered
Your Score History
You have not taken this quiz